<?xml version="1.0" encoding="UTF-8"?>
<record
    xmlns:xsi="http://www.w3.org/2001/XMLSchema-instance"
    xsi:schemaLocation="http://www.loc.gov/MARC21/slim http://www.loc.gov/standards/marcxml/schema/MARC21slim.xsd"
    xmlns="http://www.loc.gov/MARC21/slim">

  <leader>00409nam a2200157Ia 4500</leader>
  <controlfield tag="008">230314s9999    xx            000 0 und d</controlfield>
  <datafield tag="020" ind1=" " ind2=" ">
    <subfield code="a">978-93-86107-90-9</subfield>
  </datafield>
  <datafield tag="041" ind1=" " ind2=" ">
    <subfield code="a">eng</subfield>
  </datafield>
  <datafield tag="082" ind1=" " ind2=" ">
    <subfield code="a">OG/618.1/KON/B08478</subfield>
  </datafield>
  <datafield tag="100" ind1=" " ind2=" ">
    <subfield code="a">Sharma Rimple</subfield>
    <subfield code="9">179492</subfield>
  </datafield>
  <datafield tag="245" ind1=" " ind2=" ">
    <subfield code="a">Essentials of Pediatric Nursing</subfield>
  </datafield>
  <datafield tag="260" ind1=" " ind2=" ">
    <subfield code="b">Jaypee Brothers</subfield>
    <subfield code="a">New Delhi</subfield>
    <subfield code="c">2017</subfield>
  </datafield>
  <datafield tag="300" ind1=" " ind2=" ">
    <subfield code="a">693p</subfield>
  </datafield>
  <datafield tag="906" ind1=" " ind2=" ">
    <subfield code="b">GNM</subfield>
  </datafield>
  <datafield tag="999" ind1=" " ind2=" ">
    <subfield code="c">142004</subfield>
    <subfield code="d">142004</subfield>
  </datafield>
  <datafield tag="952" ind1=" " ind2=" ">
    <subfield code="0">0</subfield>
    <subfield code="1">0</subfield>
    <subfield code="4">0</subfield>
    <subfield code="7">0</subfield>
    <subfield code="8">P</subfield>
    <subfield code="a">BTIN</subfield>
    <subfield code="b">BTIN</subfield>
    <subfield code="d">2017-03-30</subfield>
    <subfield code="e">Samutkarsh</subfield>
    <subfield code="g">725.00</subfield>
    <subfield code="i">1431</subfield>
    <subfield code="l">33</subfield>
    <subfield code="m">23</subfield>
    <subfield code="o">OG 618.1 KON B08482</subfield>
    <subfield code="p">BTIN-BK-8482</subfield>
    <subfield code="r">2026-03-25 12:39:44</subfield>
    <subfield code="s">2026-01-31</subfield>
    <subfield code="v">529.25</subfield>
    <subfield code="w">2017-03-30</subfield>
    <subfield code="y">BK</subfield>
    <subfield code="z">B08482</subfield>
  </datafield>
  <datafield tag="952" ind1=" " ind2=" ">
    <subfield code="0">0</subfield>
    <subfield code="1">0</subfield>
    <subfield code="4">0</subfield>
    <subfield code="7">0</subfield>
    <subfield code="8">P</subfield>
    <subfield code="a">BTIN</subfield>
    <subfield code="b">BTIN</subfield>
    <subfield code="d">2018-02-12</subfield>
    <subfield code="e">Samutkarsh</subfield>
    <subfield code="g">725.00</subfield>
    <subfield code="i">1431</subfield>
    <subfield code="l">1</subfield>
    <subfield code="m">2</subfield>
    <subfield code="o">P 610.7362 SHA B08875</subfield>
    <subfield code="p">BTIN-BK-8875</subfield>
    <subfield code="r">2026-02-20 14:56:08</subfield>
    <subfield code="s">2023-03-30</subfield>
    <subfield code="v">536.50</subfield>
    <subfield code="w">2017-03-30</subfield>
    <subfield code="y">BK</subfield>
    <subfield code="z">B08875</subfield>
  </datafield>
</record>
